000 00587nam a2200181 i 4500
001 150442
003 ES-MaACL
005 20250728110714.0
007 t|
008 071030s1956 sp ||||1| spa d
100 1 _aValcarce Alfayate, Enrique.
_9112463
245 1 3 _aLa moral católica
_b: obra destinada a los alumnos de los centros de enseñanza media /
_cpor Enrique Valcarce Alfayate.
260 _aMadrid :
_bGredos,
_c[1956]
300 _a208 p. ;
_c21 cm.
650 0 7 _aReligión
_2embne
_916797
852 _aES-MaACL
_jC-12020
_bR.39587
999 _c150442
_d150442